開往中國的慢船

資料類型: Book 圖書   書目號:31967

Leader xxxxxxxxxx
001 __ PCLIS00020660
005 __ 20230322121721.0
009 __ |a(CIP)87016067
010 0_ |a957-13-2780-8|b平裝|dNT$180
050 __ |a100939779
100 __ |a19990309d1998    m  y0chiy09      e
101 1_ |achi|cjpn
102 __ |atw
105 __ |ay   z   000ad
200 1_ |a開往中國的慢船|f村上春樹著|g賴明珠譯
205 __ |a初版
210 __ |a臺北市|c時報文化|d1998[民87]
215 0_ |a228面|d21公分
225 1_ |a藍小說|v917
225 2_ |a村上春樹作品集
260 1_ |a1998
306 __ |a2000年四刷
410 _0 |12001 |a村上春樹作品集
454 _1 |12001 |a中國行わソЗ①ヨ. пみЬ
606 __ |2cst|a短篇小說
681 __ |a861.57|b8354
681 __ |a861.57|b8476|y87
681 __ |a861.57|b8354|v增訂七版
700 _1 |a村上|b春樹|f1949-  |4702 _1 |a|b明珠|f1947-  |4801 _0 |acw|bCIP|c19981126|gCCR
801 _1 |atw|b內湖高中|c20021220
801 _2 |atw|b內湖高中|c20230321|gCCR

詳細館藏(共 1 筆)
索 書 號登 錄 號冊次號館別 / 館藏地流通類型狀態加入預約清單電子資源
861.57 / 8354 1013698  圖書館 / 一樓普通區 可外借30天 在館   

| 條列資料




目錄查詢 分類查詢 個人資料 圖書薦購 新書查詢 閉館日 排行榜 更多電子資源 Hami書城 線上資料庫 登出

From : 216.73.216.116

  本日流通累計至 08:37:22 借閱 : 2 次 續借 : 0 次 歸還 : 2 次 預約 : 0 次 電子資源 : 0 次


內湖高中圖書館  PCLIS 版本  25.5.0.2